[Event "Francisco Martinez 8th tt"]
[Site "Santa Clara"]
[Date "2018.08.18"]
[Round "5.2"]
[White "Flores Gomez, Yohnier"]
[Black "Rodriguez Naranjo, Diosbel Manue"]
[Result "1-0"]
[WhiteElo "1883"]
[BlackElo "1885"]
[PlyCount "119"]
[EventDate "2018.08.16"]
[EventType "team-tourn"]
[EventRounds "10"]
[EventCountry "CUB"]
[EventCategory "8"]
[SourceTitle "EXT 2021"]
[Source "ChessBase"]
[SourceDate "2020.10.23"]
[SourceVersion "1"]
[SourceVersionDate "2020.10.23"]
[SourceQuality "1"]

1. Nf3 Nf6 2. c4 g6 3. Nc3 Bg7 4. g3 0-0 5. Bg2 d6 6. 0-0 e5 7. d3 Nbd7 8. Rb1 a5 9. a3 Nh5 10. e4 Nc5 11. b4 axb4 12. axb4 Na6 13. Bg5 f6 14. Be3 f5 15. exf5 gxf5 16. Bg5 Qe8 17. Qd2 f4 18. Ra1 Rb8 19. Ne4 Bg4 20. h3 Be6 21. b5 Nc5 22. Nxc5 dxc5 23. g4 e4 24. dxe4 Bxa1 25. Rxa1 Ng7 26. Bxf4 Bxc4 27. Bxc7 Rc8 28. b6 Ne6 29. Bd6 Rf7 30. Ne5 Nf4 31. Nxf7 Ne2+ 32. Kh2 Qxf7 33. Qg5+ Qg7 34. Qxg7+ Kxg7 35. e5 Ba6 36. Bxb7 Bxb7 37. Ra7 Rc6 38. Rxb7+ Kg6 39. Rc7 Rxb6 40. Bxc5 Re6 41. Bd6 Nf4 42. Rc4 Nd3 43. f4 Re8 44. f5+ Kg5 45. e6 h5 46. Kg3 h4+ 47. Kf3 Kf6 48. Ke4 Nf2+ 49. Kf3 Nxh3 50. Bf4 Ra8 51. Kg2 Nxf4+ 52. Rxf4 Ra2+ 53. Kh3 Ra3+ 54. Kxh4 Ra7 55. g5+ Ke5 56. Kg4 Rh7 57. g6 Rg7 58. Kg5 Ra7 59. Rf2 Ra8 60. Re2+ 1-0

[Event "Guillermo Garcia Memorial op 27th"]
[Site "Santa Clara"]
[Date "2018.05.26"]
[Round "5"]
[White "Rodriguez Naranjo, Diosbel Manue"]
[Black "Gutierrez Espinosa, Karen"]
[Result "1-0"]
[WhiteElo "1821"]
[BlackElo "2061"]
[PlyCount "103"]
[EventDate "2018.05.22"]
[EventType "swiss"]
[EventRounds "9"]
[EventCountry "CUB"]
[SourceTitle "CBM 184 Extra"]
[Source "ChessBase"]
[SourceDate "2018.06.28"]
[SourceVersion "1"]
[SourceVersionDate "2018.06.28"]
[SourceQuality "1"]

1. d4 Nf6 2. c4 e6 3. Nc3 Bb4 4. Qc2 0-0 5. a3 Bxc3+ 6. Qxc3 d5 7. Nf3 Nbd7 8. Bg5 h6 9. Bxf6 Nxf6 10. e3 b6 11. Rc1 c6 12. cxd5 cxd5 13. Qc7 Bd7 14. Ba6 Qe8 15. Bb7 Rb8 16. 0-0 Bb5 17. Rfd1 Ne4 18. Ne5 f6 19. Bc6 Qh5 20. Nd7 Rbc8 21. Qxa7 Rxc6 22. Nxf8 Kxf8 23. f3 Qg5 24. Qb8+ Kf7 25. Qf4 Qxf4 26. exf4 Nd6 27. Rxc6 Bxc6 28. b3 Ke7 29. a4 Kd7 30. Kf2 Nb7 31. Ke3 Na5 32. Rd3 b5 33. axb5 Bxb5 34. Rc3 Nb7 35. g4 g5 36. fxg5 hxg5 37. f4 Bc6 38. Rc1 Nd6 39. Rh1 e5 40. fxg5 fxg5 41. h4 gxh4 42. Rxh4 e4 43. Rh5 Bb7 44. Re5 Nf7 45. Rf5 Ke6 46. Kf4 Nd6 47. Re5+ Kf7 48. g5 Ne8 49. g6+ Kf8 50. Kg5 Bc8 51. Kh6 Bb7 52. Rxe8+ 1-0